[Event "Oslo Sveins op 10th"]
[Site "Oslo"]
[Date "2017.06.26"]
[Round "6"]
[White "Sharma, Neil Engedal"]
[Black "Skaslien, Ingrid"]
[Result "0-1"]
[WhiteElo "1402"]
[BlackElo "1773"]
[PlyCount "67"]
[EventDate "2017.06.23"]
[EventType "swiss"]
[EventRounds "9"]
[EventCountry "NOR"]
[SourceTitle "CBM 179 Extra"]
[Source "ChessBase"]
[SourceDate "2017.08.23"]
[SourceVersion "1"]
[SourceVersionDate "2017.08.23"]
[SourceQuality "1"]

1. e4 c5 2. Nf3 e6 3. d4 cxd4 4. Nxd4 a6 5. Nc3 Qc7 6. f3 Nc6 7. Be3 b5 8. Qd2 Bb7 9. Nb3 d6 10. 0-0-0 b4 11. Na4 Rb8 12. Kb1 Nf6 13. Nb6 Ba8 14. Na4 Ne5 15. Qd4 Nfd7 16. Qa7 Qc6 17. Qxa6 Qxa6 18. Bxa6 Bc6 19. f4 Ng4 20. Bg1 Bxa4 21. Nd4 Nc5 22. Be2 Nf6 23. b3 Bd7 24. e5 dxe5 25. fxe5 Nd5 26. Rd2 Nc3+ 27. Kb2 Be7 28. Be3 N5e4 29. Rd3 Ra8 30. Ra1 0-0 31. Bf3 Ra5 32. Bf4 Rfa8 33. Bxe4 Rxa2+ 34. Kc1 0-1

[Event "Oslo Sveins op 10th"]
[Site "Oslo"]
[Date "2017.06.25"]
[Round "5"]
[White "Vestjord, Harald Christian"]
[Black "Sharma, Neil Engedal"]
[Result "1-0"]
[WhiteElo "1760"]
[BlackElo "1402"]
[PlyCount "119"]
[EventDate "2017.06.23"]
[EventType "swiss"]
[EventRounds "9"]
[EventCountry "NOR"]
[SourceTitle "CBM 179 Extra"]
[Source "ChessBase"]
[SourceDate "2017.08.23"]
[SourceVersion "1"]
[SourceVersionDate "2017.08.23"]
[SourceQuality "1"]

1. d4 Nf6 2. c4 d5 3. cxd5 Qxd5 4. Nc3 Qd8 5. e4 e6 6. Nf3 c6 7. Bd3 Be7 8. 0-0 0-0 9. e5 Nd5 10. Ne4 Nd7 11. a3 c5 12. Bc2 b6 13. Qd3 cxd4 14. Neg5 g6 15. Qxd4 Re8 16. Qh4 Nf8 17. Qg3 Qc7 18. Bd3 f6 19. exf6 Bxf6 20. Qxc7 Nxc7 21. Ne4 Be7 22. Bf4 Nd5 23. Bg3 Bb7 24. Ne5 Nf6 25. Nxf6+ Bxf6 26. Bb5 Red8 27. Rfd1 Rac8 28. Rxd8 Rxd8 29. Bc4 Rd2 30. Rb1 Rd4 31. Bb3 Be4 32. Rd1 Rxd1+ 33. Bxd1 Kg7 34. f3 Bd5 35. Kf2 Kh6 36. Ng4+ Kg7 37. Nxf6 Kxf6 38. b4 Nd7 39. f4 Kf5 40. Bc2+ Kf6 41. Bh4+ Kf7 42. g4 Nb8 43. Bg3 Nc6 44. Ke3 a6 45. Be1 Kf6 46. g5+ Kf7 47. Bc3 Ke7 48. Bd3 Nb8 49. Be5 Nc6 50. Bxa6 Nxe5 51. fxe5 Kd7 52. Bb5+ Bc6 53. Bxc6+ Kxc6 54. a4 Kc7 55. Kd4 Kc6 56. Kc4 Kb7 57. Kb5 Kc7 58. a5 bxa5 59. bxa5 Kb7 60. Kc5 1-0